000 004720000a22001810004500
003 MACL
005 20150710161639.0
008 150710b xxu||||| |||| 00| 0 eng d
040 _aMACL
_cMACL
041 _aEnglish
082 _a320/DHA
100 _aDhavan, Rajeev
_91175
245 _aReserved
_bHow Parliament Debated Reservations 1995-2007
260 _bRupa & Co
_c2008
_aNew Delhi
350 _a395
650 _aPolitical Science
_988
942 _cBK
_k320/DHA
_2ddc
999 _c42140
_d42140